[Event "Sinquefield Cup 3rd"]
[Site "Saint Louis"]
[Date "2015.09.01"]
[Round "9"]
[White "Nakamura, Hikaru"]
[Black "Grischuk, Alexander"]
[Result "1-0"]
[WhiteElo "2814"]
[BlackElo "2771"]
[Annotator "Mokal,P"]
[PlyCount "153"]
[EventDate "2015.08.23"]
[EventType "tourn"]
[EventRounds "9"]
[EventCountry "USA"]
[EventCategory "22"]
[SourceTitle "CBM 168"]
[Source "ChessBase"]
[SourceDate "2015.09.14"]
[SourceVersion "1"]
[SourceVersionDate "2015.09.14"]
[SourceQuality "1"]

1. e4 c5 2. Nf3 d6 3. Bb5+ Nd7 {Compared to 3...Bd7, this approach tries to
keep an imbalance in the position and looks for fighting chess.} 4. O-O a6 5.
Bd3 Ngf6 6. c3 {Sticking to the traditional Bd3-c3-Bc2 plan.} (6. Re1 b5 7. c4
$5 {is the other approach, tried by Carlsen against Nakamura in Zurich rapid
2014.}) 6... b5 7. Bc2 Bb7 8. Re1 Rc8 {Grischuk had faced this position from
Black thrice before this game, albeit all three were blitz games.} (8... e5 {
leads to typical Ruy Lopez type positions after} 9. d4) 9. a4 ({Instead} 9. d4
$6 {is premature} cxd4 10. cxd4 Qc7 11. Bd3 (11. Nc3 $2 b4 $17) 11... Nxe4 $132
{[%csl Rc1]}) ({Ivanchuk refrained from opening the a<-> and continued} 9. d3
e5 10. Nbd2 Be7 11. Nf1 O-O 12. Ng3 Re8 13. h3 Bf8 {Here, out of the many
possibilities Ivanchuk chose} 14. Nh2 {but after} d5 {Grischuk did not face
any serious problems and went on to draw the game later. 1/2-1/2 Ivanchuk,V 
(2704)-Grischuk,A (2810)/Beijing 2014/CBM 163 Extra (54)}) 9... b4 ({The first
blitz game between Karjakin and Grischuk in June 2014 went -} 9... e5 10. axb5
axb5 11. d4 Be7 12. d5 $5 Ra8 $132 {0-1 Karjakin,S (2771)-Grischuk,A (2792)/
Flor & Fjaere 2014/CBM 160 Extra (73)}) 10. a5 ({The second blitz game played
in September 2014 saw -} 10. d4 $5 cxd4 11. cxd4 Qc7 12. Bd3 Nxe4 13. Qe2 Nef6
14. Bxa6 e6 15. Bxb7 Qxb7 16. Nbd2 $14 {[%csl Ga4] 1-0 Karjakin,S (2777)
-Grischuk,A (2789)/Moscow 2014/CBM 162 Extra (43). With a slight edge for
White due to the o^.}) 10... Qc7 11. d3 bxc3 12. bxc3 e6 13. h3 {[%cal Gc1f4,
Gf4h2] Trying to avoid the harassment of the B after it is developed to f4.}
Be7 14. Bf4 ({Instead} 14. Nbd2 O-O {would transpose to a game that came from
a different move order. It went} 15. Nf1 $5 (15. Nc4 d5 $132) 15... Rfd8 16.
Bg5 Nf8 17. Qd2 Ng6 18. N1h2 d5 19. e5 Ne4 $1 $132 {0-1 Sivuk,V (2519)
-Artemiev,V (2636)/Loo 2014/CBM 160 (75)}) 14... O-O 15. Nbd2 Bc6 16. Nc4 (16.
d4 cxd4 17. cxd4 Bb5 $132) 16... Bb5 17. Nfd2 (17. e5 $5 Nxe5 (17... dxe5 $6
18. Nfxe5 $1 {[%cal Ge5g6]} Nd5 19. Ng6 $1 Qd8 (19... Nxf4 20. Nxe7+ Kh8 21.
Nxc8 $16) 20. Nxf8 Nxf4 21. Nxd7 $16) 18. Nfxe5 Nd5 19. Bg3 dxe5 20. Nxe5 {
[%cal Gc3c4]} Nxc3 21. Qd2 Nd5 22. Nxf7 Qd7 23. Ne5 $14 {[%csl Rc5,Rd3,Re6]})
17... Rfd8 (17... e5 18. Bg3 $14 {[%cal Gc4e3,Ge3f5,Ge3d5]}) (17... Ne5 18.
Bxe5 dxe5 19. Nb6 Rcd8 20. Ndc4 $11) 18. Bg3 Ne8 ({Black must have already
started considering} 18... Ne5 $5 19. Nxe5 dxe5 20. Nf3 Bd6 $11) 19. Kh2 {
Both sides are using a waiting strategy, improving there pieces. White has not
found a favourable position to play d4 so he is likely to go for the f4-plan.
Meanwhile Black feels that he is ready for that Kingside activity which is
characteristic of the Sicilian.} (19. Ba4 $5 Rb8 (19... Bxa4 20. Qxa4 $14) 20.
Qc2 Bf6 $13) 19... Rb8 20. Ne3 Ne5 21. Qe2 (21. d4 $6 Nd3 $15) 21... Nc6 22.
Nb3 Ne5 23. Nd2 Nc6 24. Ndc4 Nf6 25. Kh1 {[%cal Gg3h2,Gf2f4]} (25. f4 g6 {
[%cal Gg6h5] /\...Nh5}) 25... Ne5 26. f4 {Finally, the dance of the Ns comes
to an end.} ({It would be inadvisable to play} 26. Nxe5 dxe5 {[%csl Rd3,Ge5,
Ge6][%cal Gd8d3] giving Black a typical advantageous o/o with unpleasant
pressure down the d<->.}) ({Worth considering was} 26. Na3 $5 {aiming to play
f4 without allowing N exchanges.}) 26... Nxc4 27. dxc4 (27. Nxc4 d5 (27... Bxc4
28. dxc4 g6 $13 (28... e5 $5 {Trying to shut down White's Bs.})) 28. exd5 exd5
29. Nb6 (29. Qxe7 Qxe7 30. Rxe7 dxc4 31. dxc4 Bxc4 $15 {[%cal Gb8b1,Gd8d1]})
29... Re8 $132) 27... Bc6 {In this Nimzo/Sicilian structure there does not
seem to be any reason for Black to worry. Although he does not have the
d4-square like he does often in positions with the White P on b3 instead of c3,
he does have the dark squared B which he usually has to part with to get the
White Ps doubled on c<->.} 28. Nd1 (28. e5 Ne4 29. Bxe4 Bxe4 $15 {[%csl Ge4,
Ge7] ^^}) (28. Ng4 Nxg4 29. Qxg4 Rb2 $15) 28... g6 29. Bh2 Nh5 {As is usual in
similar situations, Black does not mind provoking the White g-P forward.} 30.
Qe3 Bh4 31. g3 Be7 32. Kg1 Re8 (32... Bf8 $5 33. g4 Nf6 34. Nf2 Bg7 35. g5 Nd7
$15) 33. e5 (33. g4 Nf6 34. Nf2 Nd7 $15) 33... Ng7 (33... Ba8 $142 {[%cal
Gc7c6,Gc6h1] /\...Qc6, would be a thematic move. But after} 34. g4 {the move}
f5 $1 {would not be an easy move to find in time pressure.} (34... Qc6 35. Be4
Qxe4 36. Qxe4 Bxe4 37. Rxe4 Ng7 $15) (34... Ng7 35. Nf2 Qc6 36. Qe4 $13) 35.
exf6 (35. gxh5 Qc6 36. Be4 (36. Qg3 Bh4 $1 37. Qxh4 Qg2#) 36... Qxe4 $17) 35...
Nxf6 36. Nf2 Rb2 $36) (33... dxe5 34. fxe5 f5 (34... Ba8 $5) 35. exf6 Bd6 {
[%cal Gc6h1,Gd6h2]} 36. Ba4 Bxa4 37. Rxa4 Nxf6 $15) 34. g4 f5 (34... dxe5 $5
35. fxe5 Ba8 36. Nf2 Rb2 $15) 35. exf6 (35. gxf5 exf5 $19 {[%csl Re5][%cal
Ge8e1,Ge7h4,Gg7e6]}) (35. g5 dxe5 36. fxe5 Ba8 $19 {[%csl Re5,Rg1,Rg5][%cal
Ga8h1]}) (35. exd6 Bxd6 $17 {[%csl Rf4,Rg1][%cal Ge8f8,Gd6f4,Gf8f4]}) 35...
Bxf6 36. Nf2 Bh4 (36... Rb2 $142 37. Re2 (37. Ne4 $6 Bxe4 38. Bxe4 Rb3 (38...
Reb8) 39. Rec1 Bd4 $1 $19) 37... Ba8 (37... Nf5 $5 38. gxf5 exf5 39. Qd3 Rxe2
40. Qxe2 Bxc3 41. Rd1) 38. Qd2 (38. Nd3 $4 Bxc3 39. Nxb2 Bd4 $19) (38. Nd1 Qc6)
38... Qb7 (38... Qc6 39. Ne4) 39. Ne4 Be7 $40 {[%csl Rg1][%cal Gd6d5,Gg7f5,
Ga8h1] /\...d5 or...Nf5.}) 37. Re2 Bxf2+ $6 {This decision is probably the
result of time pressure. The dark squared B seemed more valuable.} (37... Rb2
38. Nd3 Rb7 $13) 38. Rxf2 Rf8 39. Bg3 Rbe8 $6 {This passive move is most
likely the result of the same problem stated above, time.} ({With the White K
still not very comfortable, activity was the way to counter White's ^^
advantage. For example} 39... Rb2 40. Rd2 (40. h4 Ba8 41. h5 $6 Qb7 $15) 40...
Ba8 $132) 40. Kh2 Rf7 (40... e5 $2 41. fxe5 (41. f5 $14) 41... Rxf2+ 42. Qxf2
dxe5 43. Qxc5 $16) 41. Rd1 $14 {[%csl Gc2,Gg3][%cal Gc2h7,Gg3h4,Gh4g5,Gg5h6,
Gh3h4,Gh4h5,Gf4f5] White has come out slightly better after the time control.
Both his Bs have good scope. The P-structure on the >> is quite fluid and
Black's pieces are somewhat passive. White's main plans would be manoeuvering
the dark-squared B to h6 or playing h4-h5 or even f5 at the right moments.
Black, on the other hand will have to wait and look to counter in the center
in order to open lines towards the White K.} Rd7 (41... Qxa5 $6 42. Rxd6 $16)
42. Rfd2 Qd8 (42... Red8 43. f5 gxf5 44. gxf5 exf5 45. Qg5 {[%csl Rd6,Rf5]
[%cal Gg3c7,Gg5g8,Gc2f5]} Be4 (45... Kh8 46. Bxf5 Nxf5 47. Qxf5 $18 {[%csl Rd6,
Rh8]}) 46. Bxe4 fxe4 47. Qd5+ Kh8 48. Qxe4 $16 {[%csl Rd6,Rh8]}) 43. h4 (43.
Qf2 $5 $14 {[%cal Gg3h4]}) 43... Rf8 {[%cal Gg7e8,Gd7h7] Black braces for h5.}
44. Rf2 (44. h5 $6 gxh5 45. Qd3 Ne8 $15) 44... Kh8 {Black could have
considered taking the P here itself.} ({After} 44... Qxa5 $142 $5 45. h5 gxh5
46. f5 exf5 47. gxf5 Qd8 $13 {The position is complicated but White does not
get the domination he got in the game because of} 48. f6 $2 Rxf6 {[%csl Rd1]
[%cal Gb1b8]}) 45. Rb1 {[%cal Gb1b6]} (45. h5 $6 gxh5 46. f5 exf5 47. gxf5 h4
$17) 45... Qxa5 $8 46. h5 $40 gxh5 47. f5 exf5 48. gxf5 Qd8 $6 ({Black's best
bet now was} 48... Ne8 {[%cal Ga5c3] keeping the Q active for a while. But
even then after} 49. Rb8 {[%csl Re8]} ({If White continued as in the game then
after} 49. f6 Rdf7 50. Bh4 Rg8 {he may have to look for other ideas as} 51. Qh6
$2 {does not work due to} Qxc3) 49... h4 $8 (49... Rdf7 50. Bxd6 Nxd6 51. Rxf8+
Rxf8 52. Qe5+ $18) 50. Bxh4 Rdf7 51. Rc8 Bd7 52. Rd8 $14 {White keeps the
chances}) 49. f6 $1 Ne8 (49... Rxf6 50. Rxf6 Qxf6 51. Rb8+ Rd8 52. Qd3 {
[%csl Rd8,Rf6]} Kg8 (52... Nf5 53. Qxf5 $18) 53. Qxh7+ Kf7 54. Rxd8 Qxd8 55.
Bg6+ Ke6 $8 56. Qxg7 $18) 50. Bh4 Rdf7 51. Qh6 $1 {[%cal Gc2g6,Gg6h7,Gb1g1] /
\Bh7 or Bg6 or Rg1} Rg8 (51... Nc7 52. Rg1 {[%cal Gg1g7]} Rg8 53. Rg7 $18) 52.
Re1 $6 {[%cal Ge1e7]} ({Simpler was} 52. Rg1 Rxg1 (52... Qc7 53. Rxg8+ Kxg8 54.
Rf1 $1 d5+ (54... Qd7 55. Rg1+ Kh8 56. Bxh7 $18) 55. Bg3 Qd7 56. Be5 $18 {
[%cal Gf1g1,Gc2h7]}) 53. Kxg1 {[%cal Gc2g6,Gg6h7,Gh6f8]} Qd7 (53... Nc7 54.
Qg7+ $1 $18) 54. Bf5 Qb7 55. Bxh7 $18) 52... d5 $1 53. Qxh5 ({For the sake of
establishing the truth we can have a look at} 53. Re6 $5 Qc7+ 54. Rf4 $1 {
because working this move out properly in the game with the second and final
time control approaching would definitely not be easy.} (54. Qf4 Rg4 55. Qxc7
Rxh4+ 56. Kg3 Rg4+ 57. Kh3 Nxc7 58. Rxc6 Rxc4 59. Bd1 Rxc3+ 60. Kg2 Ne8 61. Rc8
(61. Bxh5 $2 Rxf6) 61... Re3 62. Bxh5 Kg8 63. Bxf7+ Kxf7 $11) 54... dxc4 (54...
Rg4 $5 55. Bg5 $18 {[%cal Gc2h7]} (55. Bg3 $18)) (54... d4 55. Re7 Rg2+ 56. Kh3
Rxc2 57. Rxc7 Rxc3+ 58. Kh2 Nxc7 59. Qxh5 $16) 55. Re7 (55. Bxh7 Rxh7 56. f7
Rxh6 57. Rxh6+ Kg7 58. Rg6+ Kxg6 59. fxg8=Q+ Ng7 60. Qxc4 $13) 55... Rg2+ 56.
Kh3 Rxc2 57. Rxc7 Nxc7 58. Qxh5 $16) (53. Re7 {does not achieve the same
result as Re6 because Black manages to exchange all major pieces after} Qd6+
54. Qf4 (54. Rf4 $2 Rxe7 $19 {[%cal Gd6h6]}) 54... Qxf4+ 55. Rxf4 Rxe7 56. fxe7
Rg4 $1 57. Rxg4 (57. Rf8+ Kg7 58. Bg3 dxc4 59. Be5+ Kh6 $11) 57... hxg4 58.
cxd5 Bxd5 59. Kg3 $11) 53... Qd6+ 54. Re5 {Bravely keeping the Qs on the board.
} ({Also interesting was} 54. Qe5 $5 Rg4 (54... Qxe5+ 55. Rxe5 dxc4 56. Rxc5
Rg4 57. Rxc6 Rxh4+ 58. Kg3 Rh5 59. Ba4 $14) 55. cxd5 Qxe5+ 56. Rxe5 Rxh4+ 57.
Kg3 Rc4 (57... Rh6 58. dxc6 Nxf6 59. Rg5 $1 $18 {[%csl Gc6][%cal Gf2f7,Gf2d2,
Gd2d8,Gc2h7] dominating all important lines of communication}) 58. dxc6 Rxc3+ (
58... Nxf6 59. Rf3 $16) 59. Kh4 Nxf6) 54... d4 $138 {Time remaining after this
move - White: 9 minutes, Black: 2 minutes.} (54... dxc4 55. Bg3 $16) 55. cxd4
$6 (55. Bg3 $142 Nxf6 (55... d3 56. Qxf7 $18) 56. Qxf7 Ng4+ 57. Kg1 Qh6 58.
Qxh7+ Qxh7 59. Bxh7 Nxe5 (59... Kxh7 60. Re7+ Rg7 61. Rxg7+ Kxg7 62. Rf4 $16)
60. Bxg8 Nf3+ 61. Rxf3 Bxf3 62. Bd5 $1 $18) 55... Qxd4 {[%csl Rh4]} 56. Re7
Rxe7 57. fxe7 Qd6+ $6 $138 ({Black had to find} 57... Qg7 $1 {[%cal Gg7g1]} 58.
Bg5 Qe5+ $132 {with sufficient counterchances.}) 58. Kh3 Bd7+ $6 (58... Qe6+
$142 59. Qf5 (59. Bf5 Qe3+ 60. Kh2 Qe5+ $11) 59... Rg6 60. Qxe6 Rxe6 61. Bf5
Re3+ 62. Kg4 $14) 59. Bf5 Qd3+ 60. Rf3 Bxf5+ 61. Qxf5 Qxf5+ 62. Rxf5 $18 {
The dust has settled down and White has come out with a dominating position.
Nakamura flawlessly exploits his advantage in study-like fashion.} Kg7 63. Bg3
$1 {[%cal Gg3e5,Gf5f8]} h6 64. Be5+ Kh7 (64... Kg6 65. Rf8 {transposes to the
game.}) 65. Rf7+ Kg6 66. Rf8 Kh7 67. Bf4 a5 (67... h5 68. Kh4 Rg4+ 69. Kxh5 $18
) 68. Bxh6 a4 69. Be3 $1 a3 70. Bxc5 a2 71. Bd4 Nc7 72. Ba1 Ne8 (72... Rg1 73.
Rh8+ Kg6 74. Rg8+ $18) 73. c5 Nc7 74. c6 Ne8 75. Kh4 Nc7 76. Kh5 Ne8 77. c7 {
Grischuk's time pressure and Nakamura's courageous play summarise the game.
Hikaru went on to tie for second after this last round encounter.} (77. c7 Nxc7
(77... Ng7+ 78. Bxg7 Rxg7 79. e8=Q $18 {[%cal Gf8h8]}) 78. Rf7+ $18) 1-0

[Event "FIDE World Cup"]
[Site "Baku"]
[Date "2015.09.19"]
[Round "3.5"]
[White "Nakamura, Hikaru"]
[Black "Nepomniachtchi, Ian"]
[Result "1-0"]
[WhiteElo "2816"]
[BlackElo "2705"]
[PlyCount "107"]
[EventDate "2015.09.11"]
[EventType "k.o."]
[EventRounds "7"]
[EventCountry "AZE"]
[SourceTitle "CBM 169"]
[Source "ChessBase"]
[SourceDate "2015.11.10"]
[SourceVersion "1"]
[SourceVersionDate "2015.11.10"]
[SourceQuality "1"]

1. e4 c5 2. c3 Nf6 3. e5 Nd5 4. Nf3 Nc6 5. Bc4 Nb6 6. Bb3 d5 7. exd6 Qxd6 8.
Na3 Be6 9. d4 Bxb3 10. Qxb3 cxd4 11. Nb5 Qb8 12. Nbxd4 e6 13. O-O Be7 14. a4
Nd5 15. a5 Nxd4 16. Nxd4 a6 17. Qa4+ Kf8 18. c4 Nf6 19. b3 h5 20. Nf3 h4 21. h3
Rh5 22. Be3 Qc7 23. Bb6 Qf4 24. Rad1 e5 25. Be3 Qf5 26. c5 Qc8 27. b4 e4 28.
Nd4 Nd5 29. Qb3 Kg8 30. Rfe1 Bf6 31. Bc1 Qe8 32. Qc4 Rd8 33. Ne2 e3 34. fxe3
Re5 35. Nc3 Nxc3 36. Qxc3 Red5 37. Qc2 Qb5 38. Rxd5 Rxd5 39. Bd2 Rd3 40. Re2
Ra3 41. Re1 Qd7 42. Rc1 Rd3 43. Be1 Rxe3 44. Bf2 Rd3 45. Re1 g6 46. Qc4 Rd2 47.
Qf4 Kg7 48. Bxh4 Qd4+ 49. Qxd4 Bxd4+ 50. Kf1 Rb2 51. Re4 Rxb4 52. Be1 Rc4 53.
Rxd4 Rxc5 54. Rd6 1-0

[Event "FIDE World Cup"]
[Site "Baku"]
[Date "2015.09.19"]
[Round "3.8"]
[White "Nakamura, Hikaru"]
[Black "Nepomniachtchi, Ian"]
[Result "1-0"]
[WhiteElo "2816"]
[BlackElo "2705"]
[PlyCount "143"]
[EventDate "2015.09.11"]
[EventType "k.o."]
[EventRounds "7"]
[EventCountry "AZE"]
[SourceTitle "CBM 169"]
[Source "ChessBase"]
[SourceDate "2015.11.10"]
[SourceVersion "1"]
[SourceVersionDate "2015.11.10"]
[SourceQuality "1"]

1. e4 c5 2. Nf3 d6 3. Bb5+ Nd7 4. O-O a6 5. Bd3 Ngf6 6. c3 b5 7. Bc2 Bb7 8. Re1
Rc8 9. a4 b4 10. a5 e6 11. d3 bxc3 12. bxc3 Be7 13. h3 O-O 14. Bf4 Bc6 15. Nbd2
Bb5 16. Bh2 Re8 17. Bb3 Bxd3 18. c4 d5 19. cxd5 exd5 20. e5 c4 21. Bc2 Ne4 22.
Bxd3 cxd3 23. Nxe4 dxe4 24. Rxe4 Nc5 25. Rd4 Qc7 26. e6 Qb7 27. Rb1 Qa8 28.
exf7+ Kxf7 29. Ne5+ Kg8 30. Rxd3 Bf6 31. Re3 Rcd8 32. Qe2 Qd5 33. Ng4 Rxe3 34.
Nxf6+ gxf6 35. Qxe3 Qd1+ 36. Qe1 Qxe1+ 37. Rxe1 Kf7 38. Bc7 Rd5 39. Rb1 Ne6 40.
Bb6 Nc5 41. Kf1 Nb7 42. Ra1 h5 43. g3 Kg6 44. Kg2 Rb5 45. Ra4 Kf7 46. Kf3 Rb3+
47. Kg2 Rb5 48. g4 hxg4 49. hxg4 Kg7 50. f4 Kf7 51. f5 Rd5 52. Kg3 Kg7 53. Kh4
Nd6 54. Rb4 Nb7 55. Rc4 Nxa5 56. Rc7+ Kg8 57. Kh5 Nb3 58. Kg6 Kf8 59. Rc3 Rb5
60. Be3 Ke7 61. Rc6 Re5 62. Rc3 Rb5 63. Rc7+ Kd6 64. Bf4+ Kd5 65. Kxf6 a5 66.
Ra7 Nd4 67. Kg6 Ke4 68. Bh2 Kf3 69. Rd7 Nc6 70. g5 a4 71. f6 Rb6 72. Kg7 1-0

[Event "FIDE World Cup"]
[Site "Baku"]
[Date "2015.09.19"]
[Round "3.9"]
[White "Nepomniachtchi, Ian"]
[Black "Nakamura, Hikaru"]
[Result "0-1"]
[WhiteElo "2705"]
[BlackElo "2816"]
[PlyCount "112"]
[EventDate "2015.09.11"]
[EventType "k.o."]
[EventRounds "7"]
[EventCountry "AZE"]
[SourceTitle "CBM 169"]
[Source "ChessBase"]
[SourceDate "2015.11.10"]
[SourceVersion "1"]
[SourceVersionDate "2015.11.10"]
[SourceQuality "1"]

1. c4 Nf6 2. Nc3 g6 3. g3 Bg7 4. Bg2 d6 5. Nf3 O-O 6. O-O Nc6 7. Rb1 e5 8. b4
Be6 9. d3 h6 10. Nd2 Qc8 11. b5 Ne7 12. a4 Bh3 13. Bb2 Bxg2 14. Kxg2 Kh7 15.
Nf3 c5 16. bxc6 Qxc6 17. Qb3 g5 18. e4 Nd7 19. Ba3 b6 20. Qb5 Nc5 21. Rfd1 f5
22. Bxc5 dxc5 23. a5 Qf6 24. Ne1 f4 25. Rd2 Nc6 26. Nd5 Qd6 27. axb6 axb6 28.
Qb2 Rab8 29. f3 h5 30. Nc2 g4 31. Rf1 Qg6 32. Rdf2 Rf7 33. Qc1 Bh6 34. Qd1 Rg8
35. fxg4 hxg4 36. gxf4 g3 37. hxg3 Qxg3+ 38. Kh1 Rg4 39. Rh2 Rh4 40. Qe2 Rxh2+
41. Qxh2 Qxd3 42. Re1 exf4 43. Qh5 Ne5 44. Rg1 Qf3+ 45. Qxf3 Nxf3 46. Rd1 Ne5
47. Nxb6 f3 48. Kg1 Ng4 49. Nd5 Bf4 50. Nxf4 Rxf4 51. Rd7+ Kg6 52. Rd6+ Kg5 53.
Rd5+ Kh4 54. Kf1 Kg3 55. Ne1 Ne3+ 56. Kg1 f2+ 0-1

[Event "FIDE World Cup"]
[Site "Baku"]
[Date "2015.09.20"]
[Round "4.1"]
[White "Nakamura, Hikaru"]
[Black "Adams, Michael"]
[Result "1-0"]
[WhiteElo "2814"]
[BlackElo "2742"]
[Annotator "Marin,M"]
[PlyCount "107"]
[EventDate "2015.09.11"]
[EventType "k.o."]
[EventRounds "7"]
[EventCountry "AZE"]
[SourceTitle "CBM 169"]
[Source "ChessBase"]
[SourceDate "2015.11.10"]
[SourceVersion "1"]
[SourceVersionDate "2015.11.10"]
[SourceQuality "1"]

1. d4 Nf6 2. c4 e6 3. Nf3 d5 4. g3 Bb4+ ({It is interesting to compare the
following line with that played in the game:} 4... Be7 5. Bg2 O-O 6. O-O Nbd7
7. Nc3 dxc4 8. e4 c5 {With the bishop on c1 instead of d2, White has} 9. d5 $1
exd5 10. e5 $1 $36) 5. Bd2 Be7 6. Bg2 O-O 7. O-O Nbd7 8. Nc3 dxc4 ({Earlier
this year Adams preferred the solid but somewhat passive} 8... c6 {Wojtaszek,R
(2733)-Adams,M (2740) Biel 2015 CBM 168 [Ftacnik,L] (1/2-1/2, 46)}) 9. e4 c5 (
9... c6 10. Bf4 {transposes to a completely different line, usually arising
via the 5.g3 Semislav as in Dubov,D (2629)-Dreev,A (2649) Moscow 2014 CBM 164 
[Pavlovic,M] (1-0, 41)}) 10. Bf4 ({Premature action in the centre does not pay
off:} 10. e5 Nd5 11. Qe2 Nxc3 12. Bxc3 b5 $15 {Jacobsen,B (2375)-Azarov,S 
(2621) Rijeka 2010 (0-1, 22)}) ({Or if} 10. d5 exd5 11. e5 Ne4 {the d2-bishop
is hanging, eliminating thus the dangers for the e4-knight after} 12. Nxd5 Nxd2
) 10... Nb6 (10... cxd4 11. Qxd4 {Activates White's play:} Nc5 (11... e5 12.
Nxe5 Nxe5 13. Qxe5 Be6 14. Nd5 $14 {Nguyen,A (2484)-Csom,I (2472) Budapest
1999 (0-1, 29)}) (11... Nb6 {Ragozin,V-Budo,A Leningrad 1936 (1-0, 41)} 12.
Qxd8 Rxd8 13. a4) 12. Qxc4 Qd3 {Ragozin,V-Levenfish,G Leningrad 1936 (½-½,
30). As we see, there was some activity in this line almost 80 years ago!!} 13.
Ne5 $1 Qxc4 14. Nxc4 Nd3 15. e5 Nd7 16. Rfd1 Nxf4 17. gxf4 $16) 11. a4 {
[%csl Gb6][%cal Ga4a5]} cxd4 (11... a5 {[%csl Gb5,Gb6]} 12. Nb5 {[%cal Gf4c7]}
Ne8 13. Be3 cxd4 14. Qxd4 Qxd4 15. Bxd4 $36) 12. Nxd4 Bc5 $1 $146 ({Clearly an
improvement over the passive} 12... a6 13. a5 Nbd7 14. e5 Nd5 15. Bxd5 {
Giving up the bishop will backfire despite some temporary initiative.} (15.
Nxd5 $1 exd5 16. Nf5 Nc5 17. Nxe7+ Qxe7 18. Qxd5 $14) 15... exd5 16. Nf5 Nc5
17. Nxe7+ Qxe7 18. Nxd5 Qd8 19. Nb6 Bh3 20. Nxa8 $2 Qxa8 21. Qh5 (21. Re1 b5
22. f3 Nd3 $17) 21... Bxf1 22. Rxf1 Qc8 $15 {1/2-1/2 (29) Sorokin,M (2400)
-Pigusov,E (2530) Voronezh 1988}) 13. Ndb5 Qxd1 $1 {A precise move forcing
White into committing one of his rooks.} (13... a6 14. Nc7 Ra7 15. a5 Nbd7 16.
e5 Ne8 17. Nxe8 Rxe8 18. Ne4 $36) 14. Raxd1 (14. Rfxd1 {[%csl Gf2]} e5 $1 {
[%cal Gc8g4]} (14... Bd7 15. a5 $16) 15. Bxe5 Bxf2+ $1) 14... Bd7 15. Nc7 $2 {
This will eventually yield White an advantage but it could have led to the
opposite had Black defended correctly.} (15. a5 Bxb5 16. Nxb5 Na4 $132) 15...
Rac8 $2 {There was no need to attack the knight.} ({It was essential to defend
the d7-bishop:} 15... Rad8 $1 {[%csl Gd7]} 16. a5 Na4 17. e5 Ng4 $17) 16. a5
Na4 (16... Na8 $6 {is too passive:} 17. Nxa8 e5 (17... Rxa8 18. e5 Nd5 19. Nxd5
exd5 20. Rxd5 $18) 18. Bxe5 Bg4 (18... Rxa8 19. Bxf6 gxf6 20. Rxd7 $18) 19. Rd2
Rxa8 20. h3 Be6 21. Rfd1 $16) 17. e5 Nxc3 18. bxc3 Nd5 (18... Rxc7 19. exf6 $18
{[%csl Gd7]}) 19. Nxd5 exd5 20. Bxd5 $14 {White is better centralised and his
majority is more mobile than Black's.} Bc6 (20... b6 $14) 21. Bxc6 ({White
could have safely taken the pawn with} 21. Bxc4 $5) 21... Rxc6 22. Rd7 Ra6 $6 {
Taking the rook too far from the kingside.} (22... b5 23. axb6 Bxb6 24. Rfd1
$14) 23. Rxb7 Rxa5 24. e6 $2 {This is a thematic idea, weakening the seventh
rank, but the last move is premature.} (24. Rd1 $1 Ra2 (24... Ra8 {does not
work as in the line below since after} 25. Rdd7 {the f7-pawn is hanging.}) 25.
e6 fxe6 26. Rdd7 $16) 24... g5 ({A simpler way was} 24... fxe6 25. Rd1 Ra8 26.
Rdd7 Bf8 $13 {[%csl Ga7][%cal Ga7a1]}) 25. Bxg5 fxe6 26. Bf4 Rf7 $6 {Allowing
White to defend his only weak spot, the f2-pawn.} (26... Ra2 $11 {would have
left White short of active plans.}) 27. Rb8+ Rf8 28. Rb2 $1 Ra3 29. Be5 $14 {
White's position is not only better but also easier to play. He has the better
structure and safer king.} Rb3 30. Re2 Rb5 31. Bf4 Kf7 32. Rd1 Rb7 33. Rde1 Rb6
34. Kg2 Rc8 35. Re4 Rb2 36. Be3 Bxe3 37. R1xe3 $16 {White has activated his
reserve rook making the aforementioned trumps even more relevant.} Rc5 (37...
Rc6 38. Rh4 Kg7 39. Rg4+ Kf6 40. Rf4+ Kg6 41. Ref3 $36) 38. Rxe6 Rf5 39. Re7+ (
{The simple} 39. Re2 {was also possible.}) 39... Kf8 40. Re8+ Kf7 41. R3e7+ Kg6
(41... Kf6 42. Rf8+) 42. Rg8+ Kf6 43. Rf8+ Kxe7 44. Rxf5 {After the exchange
of one rook, White wins with relative ease.} Kd6 45. Ra5 Rb7 46. g4 Kc6 47. Ra4
Kc5 48. h4 Rd7 49. g5 Kb5 50. Rb4+ Kc5 51. Rb8 a5 52. Ra8 Kb6 53. h5 Rd3 54. h6
1-0